<?xml version="1.0" encoding="UTF-8"?><?xml-stylesheet type="text/xsl" href="static/style.xsl"?><OAI-PMH xmlns="http://www.openarchives.org/OAI/2.0/" xmlns:xsi="http://www.w3.org/2001/XMLSchema-instance" xsi:schemaLocation="http://www.openarchives.org/OAI/2.0/ http://www.openarchives.org/OAI/2.0/OAI-PMH.xsd"><responseDate>2026-04-17T20:39:48Z</responseDate><request verb="GetRecord" identifier="oai:www.recercat.cat:10230/45756" metadataPrefix="marc">https://recercat.cat/oai/request</request><GetRecord><record><header><identifier>oai:recercat.cat:10230/45756</identifier><datestamp>2025-12-23T20:52:59Z</datestamp><setSpec>com_2072_6</setSpec><setSpec>col_2072_452954</setSpec></header><metadata><record xmlns="http://www.loc.gov/MARC21/slim" xmlns:dcterms="http://purl.org/dc/terms/" xmlns:xsi="http://www.w3.org/2001/XMLSchema-instance" xmlns:doc="http://www.lyncode.com/xoai" xsi:schemaLocation="http://www.loc.gov/MARC21/slim http://www.loc.gov/standards/marcxml/schema/MARC21slim.xsd">
   <leader>00925njm 22002777a 4500</leader>
   <datafield ind2=" " ind1=" " tag="042">
      <subfield code="a">dc</subfield>
   </datafield>
   <datafield ind2=" " ind1=" " tag="720">
      <subfield code="a">Coduras Mastrantonio, Antonia M.</subfield>
      <subfield code="e">author</subfield>
   </datafield>
   <datafield ind2=" " ind1=" " tag="260">
      <subfield code="c">2020-11-13T11:23:07Z</subfield>
   </datafield>
   <datafield ind2=" " ind1=" " tag="260">
      <subfield code="c">2020-11-13T11:23:07Z</subfield>
   </datafield>
   <datafield ind2=" " ind1=" " tag="260">
      <subfield code="c">2020</subfield>
   </datafield>
   <datafield ind2=" " ind1=" " tag="520">
      <subfield code="a">Treball de fi de grau en Publicitat i Relacions Públiques</subfield>
   </datafield>
   <datafield ind2=" " ind1=" " tag="520">
      <subfield code="a">Tutor: Frederic Guerrero Solé</subfield>
   </datafield>
   <datafield ind2=" " ind1=" " tag="520">
      <subfield code="a">Los influencers son vistos hoy por las nuevas generaciones como las celebridades de&#xd;
las redes sociales, sus acciones son vistas por millones de usuarios a diario y adoptan&#xd;
los roles de las celebridades en los medios tradicionales, adaptándose a las redes&#xd;
sociales. Por lo tanto, los patrones de la filantropía de las celebridades también se&#xd;
repiten en su nueva forma de filantropía mercantilizada, el volunturismo.&#xd;
Con un estudio teórico, el objetivo principal de esta investigación es demostrar que los&#xd;
influencers repiten patrones de la filantropía de la celebridad en sus representaciones&#xd;
del volunturismo, la nueva forma de la filantropía mercantilizada. Este estudio revisa&#xd;
desde el marco teórico de la sociología de la comunicación los conceptos de filantropía,&#xd;
cómo ésta se relaciona con las celebridades, el auge del volunturismo como nueva&#xd;
práctica filantrópica y sus críticas y el auge de los influencers y su relación con las&#xd;
audiencias. Aplicando todos los conceptos estudiados, se hace un estudio de dos&#xd;
casos de influencers en sus representaciones del volunturismo.</subfield>
   </datafield>
   <datafield tag="653" ind2=" " ind1=" ">
      <subfield code="a">volunturismo</subfield>
   </datafield>
   <datafield tag="653" ind2=" " ind1=" ">
      <subfield code="a">filantropía</subfield>
   </datafield>
   <datafield tag="653" ind2=" " ind1=" ">
      <subfield code="a">celebridades</subfield>
   </datafield>
   <datafield tag="653" ind2=" " ind1=" ">
      <subfield code="a">influencers</subfield>
   </datafield>
   <datafield ind2="0" ind1="0" tag="245">
      <subfield code="a">Influencers y volunturismo: repetición de patrones de la filantropía de las celebridades</subfield>
   </datafield>
</record></metadata></record></GetRecord></OAI-PMH>